000 01645cam a2200421 a 4500
001 12022217
003 OSt
005 20260116091953.0
008 000526s2001 maua b 001 0 eng
010 _a 00042137
020 _a0205308864
020 _a9780205308866
035 _a12022217
040 _aDLC
_cDLC
_dDLC
043 _an-us---
050 0 0 _aLC4802
_b.B37 2001
082 0 0 _a371.93
_221
100 1 _aBarr, Robert D.
245 1 0 _aHope fulfilled for at-risk and violent youth :
_bK-12 programs that work /
_cRobert D. Barr, William H. Parrett.
250 _a2nd ed.
260 _aBoston :
_bAllyn and Bacon,
_cc2001.
300 _axiv, 306 p. :
_bill. ;
_c25 cm.
336 _atext
_btxt
_2rdacontent
337 _aunmediated
_bn
_2rdamedia
338 _avolume
_bnc
_2rdacarrier
500 _aRev. ed. of: Hope at last for at-risk youth. c1995.
504 _aIncludes bibliographical references (p. 258-284) and index.
650 0 _aProblem children
_xEducation
_zUnited States.
650 0 _aAt-risk youth
_xEducation
_zUnited States.
650 0 _aChildren with social disabilities
_xEducation
_zUnited States.
650 0 _aYouth with social disabilities
_xEducation
_zUnited States.
700 1 _aParrett, William.
700 1 _aBarr, Robert D.
_tHope at last for at-risk youth.
906 _a7
_bcbc
_corignew
_d1
_eocip
_f20
_gy-gencatlg
942 _2lcc
_cBK
999 _c265680
_d265679